Viac ako služby a IT riešenia

Bibliographic Details
Main Author: Hrvolová, Barbora (Author, Interviewer)
Format: Article
Language:Slovak
PhysicalDescription:Fotogr.
ISSN:1336-393X
Subjects:

MARC

LEADER 00000nab a2200000 a 4500
001 vtls008960067
003 SK-MaSNL
005 20260304180115.0
008 250505c2007 xo mr|p|||||||000 b|slo
015 |a SNBRB2007/03  |2 snkbucl 
035 |a urn:nbn:sk:snk-ab8bt7 
035 |a (urnnbn)urn:nbn:sk:snk:ar-a07umv 
035 |a (uuid)1eb6834c-d773-45d5-a60d-fb2202f85c5c 
038 |a SNKBUCL 
040 |a SNKBUCL  |b slo  |c SNKBUCL  |e AACR2 
041 0 |a slo  |b eng 
044 |a xo  |c SK 
080 |a 004:061.5:334.758  |x (437.6)  |2 2001 
100 1 |a Hrvolová, Barbora  |4 ivr  |4 aut  |9 274314 
245 1 0 |a Viac ako služby a IT riešenia  |c [s] Miroslavom Melicherčíkom a Miroslavom Novákom zhovárala sa Barbora Hrvolová 
300 |b Fotogr. 
546 |a Res. angl. na s. 62 
610 2 7 |a Ability Development SK (Bratislava, Slovensko)  |2 snkbucl  |9 1056321 
610 2 7 |a Datalan (Bratislava, Slovensko)  |2 snkbucl  |9 1409035 
650 0 7 |a informačné technológie  |2 snkbucl  |9 1527 
700 1 |a Melicherčík, Miroslav,  |d 1984-  |4 ive  |9 255496 
700 1 |a Novák, Miroslav  |4 ive  |9 290942 
773 0 |t Eurobiznis  |g Roč. 7., február (2007), s. 8-10  |x 1336-393X 
850 |a Slovenská národná knižnica 
852 |a Slovenská národná knižnica 
954 |a odborná, vedecká literatúra pôvodná (slovenská)  |2 lita 
958 |a article9 
958 |a OND 
958 |a SK 
958 |a EUIPO 
999 |c 3016542  |d 3018472